| 000 | 00587cam a2200217 4500 | ||
|---|---|---|---|
| 001 | sa 68012208 | ||
| 003 | DLC | ||
| 005 | 20260227112608.0 | ||
| 008 | 691104s1966 ii b 00010 eng | ||
| 010 | _asa 68012208 //r872 | ||
| 025 | _aPL480:I-E-9829 | ||
| 043 | _aa-ii--- | ||
| 050 | 0 |
_aJQ530 _b.A53 |
|
| 082 | _a354.54/82 | ||
| 110 | 1 | 0 | _aMadras (India : State) |
| 245 | 1 | 0 | _aHandbook on administration of Madras State. |
| 260 | 1 |
_a[Madras] _c1966. |
|
| 300 |
_avi, 219 p. _bfold. col. map. _c25 cm. |
||
| 350 | _a1.00 | ||
| 651 | 0 |
_aTamil Nadu (India) _xPolitics and government. |
|
| 999 |
_c84386 _d84386 |
||